[Event "Wch U18 Girls"]
[Site "Montesilvano"]
[Date "2023.11.17"]
[Round "5"]
[White "Wisniowski, Natalie"]
[Black "Chavez Echeverria, Ana Karen"]
[Result "1-0"]
[WhiteElo "1901"]
[BlackElo "1230"]
[PlyCount "165"]
[EventDate "2023.11.13"]
[EventType "swiss"]
[EventRounds "11"]
[EventCountry "ITA"]
[SourceTitle "CB48_2023"]
[SourceDate "2023.11.29"]
[SourceVersion "1"]
[SourceVersionDate "2023.11.29"]
[SourceQuality "1"]

1. d4 Nf6 2. c4 e5 3. dxe5 Ng4 4. Nf3 Nc6 5. e3 Bb4+ 6. Bd2 Qe7 7. Be2 Ngxe5 8. 0-0 0-0 9. Nc3 Qc5 10. b3 Qa5 11. Qc2 d6 12. a3 Bxc3 13. Bxc3 Qb6 14. Rfd1 Bg4 15. Ng5 f5 16. Bxg4 Nxg4 17. Nf3 Nce5 18. Nxe5 Nxe5 19. Rd5 Rae8 20. Rad1 Re6 21. c5 Qc6 22. Qb2 Rfe8 23. cxd6 Rxd6 24. Rxd6 cxd6 25. Qd2 Re6 26. Bb4 Rg6 27. Qd5+ Nf7 28. g3 Qxd5 29. Rxd5 Rf6 30. Bc3 Re6 31. Rxf5 Re7 32. Rd5 Rc7 33. Bb4 Rc6 34. Kg2 b6 35. e4 h6 36. h4 a5 37. Bd2 Kf8 38. Be3 Ne5 39. Bd4 Nd7 40. Rf5+ Kg8 41. Kf3 Nc5 42. b4 axb4 43. axb4 Ne6 44. Be3 Nc7 45. Kg2 g6 46. Rf6 Kg7 47. Bd4 Nb5 48. Rxd6+ Nxd4 49. Rxd4 Kf6 50. f4 h5 51. Kf3 Rc3+ 52. Kf2 Ke6 53. Rd5 Rc6 54. Ke3 Rc3+ 55. Rd3 Rc4 56. Rd4 Rc3+ 57. Kf2 Rc2+ 58. Ke3 Rc3+ 59. Rd3 Rc4 60. b5 Rc5 61. Rb3 Kf6 62. Kd4 Ke6 63. Ke3 Kf6 64. Kf3 Rc4 65. Rd3 Ke6 66. Rd5 Rc3+ 67. Kg2 Rc2+ 68. Kh3 Rc3 69. Rg5 Kf7 70. f5 gxf5 71. Rxf5+ Kg6 72. Rg5+ Kh6 73. Re5 Rc4 74. Re6+ Kg7 75. Rxb6 Rxe4 76. Rb8 Re5 77. b6 Rb5 78. b7 Kf7 79. Rh8 Kg7 80. b8Q Rf5 81. Qg8+ Kf6 82. Rh6+ Ke5 83. Qe6+ 1-0

[Event "Titled Tuesday intern op 19th Sep Late"]
[Site "Chess.com INT"]
[Date "2023.09.19"]
[Round "3"]
[White "Wisniowski, Natalie"]
[Black "Santos Flores, Alberto Javier"]
[Result "0-1"]
[WhiteElo "1896"]
[BlackElo "2198"]
[PlyCount "148"]
[EventDate "2023.09.19"]
[EventType "swiss (blitz)"]
[EventRounds "11"]
[EventCountry "USA"]
[SourceTitle "EXT 2024"]
[Source "ChessBase"]
[SourceDate "2023.10.10"]
[SourceVersion "1"]
[SourceVersionDate "2023.10.10"]
[SourceQuality "1"]

1. e4 e6 2. Nf3 d5 3. e5 Ne7 4. d4 c5 5. c3 Nbc6 6. Be3 Nf5 7. Nbd2 cxd4 8. cxd4 Qb6 9. Nb3 Bb4+ 10. Bd2 a5 11. Bc3 a4 12. Nbd2 a3 13. Bxb4 Qxb4 14. bxa3 Rxa3 15. Rb1 Qc3 16. Bb5 Nfxd4 17. Nxd4 Qxd4 18. 0-0 Rxa2 19. Nf3 Qxd1 20. Rfxd1 0-0 21. Rdc1 Bd7 22. h3 h6 23. Rc3 Rfa8 24. Rcb3 Ra1 25. Kh2 Rxb1 26. Rxb1 Kf8 27. Bd3 Ra7 28. Bc2 Ke7 29. Bd3 Kd8 30. Be2 Kc7 31. Bd3 Ra3 32. Bf1 Ra4 33. Kg3 Nd4 34. Nxd4 Rxd4 35. Rc1+ Bc6 36. Bb5 g5 37. f3 Rd2 38. Bf1 Rb2 39. h4 Rb4 40. hxg5 hxg5 41. Rc2 Rb1 42. Be2 Kd7 43. Rd2 Bb5 44. Rc2 Bxe2 45. Rxe2 Rb4 46. Rd2 b5 47. Rc2 Rc4 48. Rb2 b4 49. Ra2 b3 50. Ra7+ Rc7 51. Ra3 Rb7 52. Ra1 b2 53. Rb1 Kc6 54. Kf2 Kc5 55. Ke2 d4 56. Kd3 Kd5 57. g3 Kxe5 58. Re1+ Kd5 59. Rb1 f5 60. Kd2 e5 61. Kd3 e4+ 62. fxe4+ fxe4+ 63. Kd2 d3 64. Ke3 Kc4 65. Kxe4 Kc3 66. Ke3 Kc2 67. Rh1 b1Q 68. Rh2+ Kc3 69. g4 Qg1+ 70. Kf3 Qxh2 71. Ke3 Re7+ 72. Kf3 Qf4+ 73. Kg2 Re2+ 74. Kg1 Qc1# 0-1

[Event "Titled Tuesday intern op 05th Sep Late"]
[Site "Chess.com INT"]
[Date "2023.09.05"]
[Round "4"]
[White "Wisniowski, Natalie"]
[Black "Prieto Aranguren, Alain"]
[Result "0-1"]
[WhiteElo "1896"]
[BlackElo "2155"]
[PlyCount "74"]
[EventDate "2023.09.05"]
[EventType "swiss (blitz)"]
[EventRounds "11"]
[EventCountry "USA"]
[SourceTitle "EXT 2024"]
[Source "ChessBase"]
[SourceDate "2023.10.10"]
[SourceVersion "1"]
[SourceVersionDate "2023.10.10"]
[SourceQuality "1"]

1. e4 c5 2. Nf3 d6 3. d4 cxd4 4. Nxd4 Nf6 5. Nc3 g6 6. Be3 Bg7 7. Be2 0-0 8. 0-0 Nc6 9. Qd2 Ng4 10. Bxg4 Bxg4 11. h3 Bd7 12. Nd5 Ne5 13. Qe2 Rc8 14. Rac1 Nc4 15. b3 Nxe3 16. Qxe3 e6 17. Nb4 Qb6 18. c3 a5 19. Nd3 Rc7 20. Nb2 Rfc8 21. Nc4 Qa6 22. Nf3 b5 23. Ncd2 Rxc3 24. Rxc3 Rxc3 25. Qe2 Qc6 26. e5 Rc2 27. exd6 Qxd6 28. Ne4 Rxe2 29. Nxd6 Rxa2 30. Ne4 Ra1 31. Nc5 Bc6 32. Nd2 a4 33. bxa4 bxa4 34. Nc4 Bd5 35. Ne3 Rxf1+ 36. Kxf1 a3 37. Nc2 a2 0-1

[Event "Titled Tuesday intern op 08th Aug Early"]
[Site "Chess.com INT"]
[Date "2023.08.08"]
[Round "11"]
[White "Clawitter, Craig"]
[Black "Wisniowski, Natalie"]
[Result "1-0"]
[WhiteElo "2050"]
[BlackElo "1882"]
[PlyCount "69"]
[EventDate "2023.08.08"]
[EventType "swiss (blitz)"]
[EventRounds "11"]
[EventCountry "USA"]
[SourceTitle "EXT 2024"]
[Source "ChessBase"]
[SourceDate "2023.10.10"]
[SourceVersion "1"]
[SourceVersionDate "2023.10.10"]
[SourceQuality "1"]

1. e4 e6 2. d4 d5 3. e5 c5 4. c3 Nc6 5. Nf3 Qb6 6. a3 Nge7 7. dxc5 Qc7 8. Bf4 Ng6 9. Bg3 Bxc5 10. b4 Be7 11. Bd3 0-0 12. 0-0 a6 13. Nbd2 b5 14. a4 bxa4 15. Rxa4 Bb7 16. Nb3 Rfd8 17. Nbd4 Qb6 18. h4 Rac8 19. h5 Nf8 20. h6 Ng6 21. hxg7 Kxg7 22. Qd2 Nxd4 23. Nxd4 Rc7 24. Kh2 Rdc8 25. Ra3 Qa7 26. f4 Qb6 27. f5 exf5 28. Nxf5+ Kg8 29. Nh6+ Kg7 30. Rxf7+ Kh8 31. Bxg6 hxg6 32. Qf4 Qe6 33. Ng4 Rf8 34. Qh6+ Kg8 35. Qh7# 1-0

[Event "Titled Tuesday intern op 25th Jul Early"]
[Site "Chess.com INT"]
[Date "2023.07.25"]
[Round "7"]
[White "Fernandez, Gerardo"]
[Black "Wisniowski, Natalie"]
[Result "1-0"]
[WhiteElo "2181"]
[BlackElo "1897"]
[PlyCount "47"]
[EventDate "2023.07.25"]
[EventType "swiss (blitz)"]
[EventRounds "11"]
[EventCountry "USA"]
[SourceTitle "EXT 2024"]
[Source "ChessBase"]
[SourceDate "2023.10.10"]
[SourceVersion "1"]
[SourceVersionDate "2023.10.10"]
[SourceQuality "1"]

1. e4 b6 2. d4 Bb7 3. Bd3 e6 4. Qe2 g6 5. Nf3 Bg7 6. 0-0 Ne7 7. Bg5 0-0 8. Nbd2 d6 9. Rad1 Nd7 10. c3 c5 11. dxc5 Nxc5 12. Bb1 Qc7 13. Qe3 Nc6 14. Rfe1 Ne5 15. Nxe5 Bxe5 16. Nc4 d5 17. Nxe5 Qxe5 18. f4 Qc7 19. e5 Qc6 20. Rd4 Na6 21. Bf6 Nc7 22. Qh3 Rfc8 23. Re3 Ne8 24. Qxh7+ 1-0

[Event "Titled Tuesday intern op 25th Jul Early"]
[Site "Chess.com INT"]
[Date "2023.07.25"]
[Round "2"]
[White "Wisniowski, Natalie"]
[Black "Vivas Zamora, Fabian Ernesto"]
[Result "0-1"]
[WhiteElo "1897"]
[BlackElo "2346"]
[PlyCount "86"]
[EventDate "2023.07.25"]
[EventType "swiss (blitz)"]
[EventRounds "11"]
[EventCountry "USA"]
[SourceTitle "EXT 2024"]
[Source "ChessBase"]
[SourceDate "2023.10.10"]
[SourceVersion "1"]
[SourceVersionDate "2023.10.10"]
[SourceQuality "1"]

1. e4 e5 2. Nf3 Nc6 3. d4 exd4 4. Bc4 Nf6 5. e5 d5 6. Bb5 Ne4 7. Bxc6+ bxc6 8. 0-0 c5 9. Re1 Be7 10. Bf4 0-0 11. Nbd2 Bf5 12. Nb3 f6 13. exf6 Rxf6 14. Be5 Rg6 15. Bg3 Bg4 16. Nbd2 Nxd2 17. Qxd2 Bxf3 18. gxf3 Bd6 19. Kh1 Qf6 20. Qe2 Rf8 21. f4 Bxf4 22. Qf3 c6 23. Bxf4 Qxf4 24. Qxf4 Rxf4 25. Re2 h6 26. Rae1 c4 27. Rd2 Rgf6 28. Rf1 c5 29. Kg2 Rb6 30. b3 a5 31. bxc4 dxc4 32. Re2 Rb2 33. Re5 Rxc2 34. Rxc5 a4 35. Ra5 Rxa2 36. Rc5 d3 37. Rc8+ Kh7 38. Rc6 d2 39. Rd6 c3 40. Rd3 c2 41. Rxd2 c1Q 42. Rxc1 Rxd2 43. Rf1 a3 0-1

[Event "Titled Tuesday intern op 10th Aug"]
[Site "Chess.com INT"]
[Date "2021.08.10"]
[Round "9"]
[White "Grineva, Marianna"]
[Black "Wisniowski, Natalie"]
[Result "1-0"]
[WhiteElo "1976"]
[BlackElo "1723"]
[PlyCount "85"]
[EventDate "2021.08.10"]
[EventType "swiss (blitz)"]
[EventRounds "11"]
[EventCountry "USA"]
[SourceTitle "CBM 203 Extra"]
[Source "ChessBase"]
[SourceDate "2021.09.30"]
[SourceVersion "1"]
[SourceVersionDate "2021.09.30"]
[SourceQuality "1"]

1. e4 e6 2. Nc3 d5 3. d3 Bb4 4. exd5 exd5 5. Bd2 Nf6 6. Be2 0-0 7. Nf3 c6 8. 0-0 Bg4 9. h3 Bh5 10. a3 Ba5 11. Bf4 Re8 12. b4 Bc7 13. Bxc7 Qxc7 14. Nd4 Bxe2 15. Ncxe2 Nbd7 16. Nf5 Qe5 17. Neg3 c5 18. Qf3 cxb4 19. axb4 Nf8 20. Ra5 Qc3 21. Rc5 Qxb4 22. Rc7 Rac8 23. Nh6+ gxh6 24. Rxc8 Rxc8 25. Qxf6 Rc6 26. Qd8 Qd6 27. Qa8 Rxc2 28. Qxb7 a5 29. Nf5 Qe6 30. Ne7+ Kh8 31. Nxd5 Rc5 32. Ne3 Rg5 33. Qf3 Qg6 34. Nc4 Kg7 35. Ra1 Ne6 36. Rxa5 Rxa5 37. Nxa5 Nd4 38. Qe3 Qf6 39. Nc4 Kf8 40. Ne5 Nf5 41. Nd7+ Kg7 42. Nxf6 Kxf6 43. Qf4 1-0

[Event "Titled Tuesday intern op 10th Aug"]
[Site "Chess.com INT"]
[Date "2021.08.10"]
[Round "3"]
[White "Hryzlova, Sofiia"]
[Black "Wisniowski, Natalie"]
[Result "1-0"]
[WhiteElo "2092"]
[BlackElo "1723"]
[PlyCount "73"]
[EventDate "2021.08.10"]
[EventType "swiss (blitz)"]
[EventRounds "11"]
[EventCountry "USA"]
[SourceTitle "CBM 203 Extra"]
[Source "ChessBase"]
[SourceDate "2021.09.30"]
[SourceVersion "1"]
[SourceVersionDate "2021.09.30"]
[SourceQuality "1"]

1. f4 Nf6 2. Nf3 d6 3. g3 g6 4. Bg2 Bg7 5. 0-0 0-0 6. d3 Bg4 7. h3 Bxf3 8. Bxf3 e5 9. e4 c6 10. Nc3 Nbd7 11. Be3 Nb6 12. a4 Re8 13. a5 Nbd7 14. Kg2 d5 15. exd5 cxd5 16. Nxd5 Nxd5 17. Bxd5 exf4 18. Bxf4 Nc5 19. Bxf7+ Kh8 20. Bxe8 Qxe8 21. c3 Rd8 22. d4 Qe4+ 23. Qf3 Qxf3+ 24. Kxf3 Nd3 25. b4 Nxf4 26. gxf4 Rc8 27. Rac1 Bh6 28. Rfe1 Rf8 29. Re4 g5 30. d5 gxf4 31. d6 Rd8 32. Rd1 Bg7 33. d7 Bxc3 34. Re8+ Rxe8 35. dxe8Q+ Kg7 36. Rd7+ Kh6 37. Qe6+ 1-0

[Event "Titled Tuesday intern op 10th Aug"]
[Site "Chess.com INT"]
[Date "2021.08.10"]
[Round "6"]
[White "Manon Og, Ramon Jr"]
[Black "Wisniowski, Natalie"]
[Result "1-0"]
[WhiteElo "2064"]
[BlackElo "1723"]
[PlyCount "157"]
[EventDate "2021.08.10"]
[EventType "swiss (blitz)"]
[EventRounds "11"]
[EventCountry "USA"]
[SourceTitle "CBM 203 Extra"]
[Source "ChessBase"]
[SourceDate "2021.09.30"]
[SourceVersion "1"]
[SourceVersionDate "2021.09.30"]
[SourceQuality "1"]

1. d4 Nf6 2. Bg5 e6 3. e4 Be7 4. e5 Nd5 5. Bxe7 Qxe7 6. c4 Nb6 7. Nd2 0-0 8. Ngf3 d6 9. Bd3 dxe5 10. Nxe5 Rd8 11. Qh5 h6 12. Ndf3 N8d7 13. Rd1 Nf6 14. Qh4 Bd7 15. Ng4 Qb4+ 16. Rd2 Nxg4 17. Qxg4 Nxc4 18. a3 Qa4 19. Re2 Nd6 20. 0-0 e5 21. Qh4 exd4 22. Nxd4 c5 23. Nf3 Qxh4 24. Nxh4 c4 25. Bc2 Nb5 26. Re4 Rac8 27. Rfe1 c3 28. a4 Nd6 29. Rb4 cxb2 30. Rxb2 Be6 31. h3 b6 32. Bb1 Rc4 33. Nf3 Rxa4 34. Ne5 Rc8 35. Rd2 Ra5 36. Rxd6 Rxe5 37. Rxe5 Rc1+ 38. Kh2 Rxb1 39. Rd8+ Kh7 40. Ra8 Ra1 41. Rb5 Bc4 42. Rxb6 Bd5 43. Rbb8 Bxa8 44. Rxa8 a5 45. Ra7 a4 46. Rxf7 a3 47. Ra7 a2 48. f3 Kg6 49. h4 Kf6 50. Kg3 g5 51. hxg5+ hxg5 52. Ra5 Kg6 53. Kg4 Rg1 54. Rxa2 Kf6 55. g3 Rh1 56. Ra6+ Kf7 57. Kxg5 Rg1 58. f4 Kg7 59. Kf5 Rxg3 60. Ra7+ Kf8 61. Ra6 Rh3 62. Ra8+ Kf7 63. Ra7+ Kf8 64. Ra6 Kf7 65. Rf6+ Ke7 66. Rg6 Rh5+ 67. Rg5 Rxg5+ 68. Kxg5 Kf7 69. Kf5 Kg7 70. Ke6 Kg6 71. f5+ Kg7 72. Ke7 Kg8 73. f6 Kh7 74. f7 Kh8 75. f8Q+ Kh7 76. Qf3 Kh8 77. Qg2 Kh7 78. Kf7 Kh8 79. Qh2# 1-0

[Event "Titled Tuesday intern op 10th Aug"]
[Site "Chess.com INT"]
[Date "2021.08.10"]
[Round "4"]
[White "Wisniowski, Natalie"]
[Black "Kostiukov, Alexandr"]
[Result "0-1"]
[WhiteElo "1723"]
[BlackElo "2281"]
[PlyCount "58"]
[EventDate "2021.08.10"]
[EventType "swiss (blitz)"]
[EventRounds "11"]
[EventCountry "USA"]
[SourceTitle "CBM 203 Extra"]
[Source "ChessBase"]
[SourceDate "2021.09.30"]
[SourceVersion "1"]
[SourceVersionDate "2021.09.30"]
[SourceQuality "1"]

1. d4 g6 2. c4 Bg7 3. Nc3 d6 4. e4 e5 5. Nf3 exd4 6. Nxd4 Nc6 7. Nxc6 bxc6 8. Bd2 Ne7 9. Be2 0-0 10. 0-0 Rb8 11. b3 f5 12. Rc1 fxe4 13. Nxe4 Nf5 14. Bc3 Bxc3 15. Nxc3 Be6 16. Re1 Qf6 17. Rf1 c5 18. Nd5 Bxd5 19. Qxd5+ Kg7 20. Bd3 Nd4 21. Rce1 Rbe8 22. Rxe8 Rxe8 23. Qb7 Re7 24. Qxa7 Qg5 25. Kh1 Qd2 26. Bb1 Re1 27. Qxc7+ Kh6 28. Kg1 Rxf1+ 29. Kxf1 Qd1# 0-1